Datum a čas kvízu
36
Celkem bodů
Celkový počet nahraných bodů na tomto kvízu bez doplňovacích otázek.
7.
Pořadí na kvízu
Konečné umístění týmu na tomto kvízu.
Zaznamenané odpovědi
| # | Otázka | Odpověď | Body | Výsledky |
|---|---|---|---|---|
| 1. | Starosta jedné městské části T... | v Brně | 0 | |
| 2. | Koncem týdne jsme se dozvěděli... | Skype | 1 | |
| 3. | Minulý týden byly zveřejněny v... | Henry Cavill | 1 | |
| 4. | V úterý sjel z výrobní linky p... | 815 | 1 | |
| 5. | Ve středu odstartoval v norské... | klasické (severské) lyžování | 1 | |
| 6. | Jak zní oficiální anglický náz... | Montenegro | 1 | |
| 7. | V jistém městě v Královéhradec... | Červený Kostelec | 1 | |
| 8. | Která známá historická osobnos... | Adolf Hitler | 1 | |
| 9. | Na území kterého státu USA lež... | Wyomingu | 1 | |
| 10. | Jak se nazývá německé pohoří,... | Černý les (Schwarzwald) | 0 |